000 00870nam0a22002411 4500
001 rc\137709
005 20030307112327.0
035 _a(NLR Aleph) 005410142
090 _a7365137
_c7365137
100 _a20030307d1993 u |0rusy50 ca
101 0 _arus
102 _aRU
105 _ay |||||||||
200 1 _aСергей Борисович Кан (1896-1960)
_eБиблиогр. указ.
_fГос. публ. ист. б-ка России
_g[Сост. А.С. Кан
_gБиблиогр. ред. Л.Л. Батова]
210 _aМ.
_cГПИБ
_d1993
215 _a32 с.
_d20
702 1 _aКан
_bА. С.
_gАлександр Сергеевич
_4220
712 0 2 _aПубличная историческая б-ка России
_3RU\NLR\AUTH\888732
801 0 _aRU
_bNLR
_gpsbo
801 1 _aRU
_bELAR
_2rusmarc
852 _aNLR
_bС
_jК-1/6238
942 _cBOOK
980 _aNB